Sofia só (Registo nº 2177)

Detalhes MARC
000 -Etiqueta do registo
Cabeçalho 00692nam a22002651 4500
005 - Identificador da versão
Campo de controlo 20240813121927.0
095 ## -
-- PTBN00332069
010 ## - Número internacional normalizado dos livros (ISBN)
Qualificação Brochado
100 ## - Dados gerais de processamento
Dados gerais de processamento 19980503d1979 da y0pory5003 ba
102 ## - Pais de publicação ou produção
País de publicação Portugal
101 0# - Língua de publicação
Língua do texto, banda sonora, etc. Português
106 ## - Campo de dados codificados: material textual
Dados codificados do material textual r
105 ## - Campo de dados codificados: livros
Dados codificados dos livros a z 001zy
215 ## - Descrição física 
Indicação específica da natureza do documento e extensão da espécie 42 p.
Outras indicações físicas il.
Dimensões 20 cm
200 1# - Titulo e menção de responsabilidade
Título próprio Sofia só
Primeira menção de responsabilidade Pedro Alvim
225 2# - Colecção 
Título próprio da colecção Plátano de Abril
Indicação de volume 12
210 ## - Publicação, Distribuição, etc. 
Lugar da edição, distribuição, etc. Lisboa
Nome do editor, distribuidor, etc. Plátano
Data da publicação, distribuição, etc. [1979]
606 ## - Nome comum usado como assunto
Número de registo de entrada de autoridade 0000364
Palavra de ordem Literatura portuguesa infanto-juvenil
Subdivisão de assunto Conto
675 ## - Classificação Decimal Universal (CDU)
Notação 821.134.3-34
Edição
Língua da edição por
700 #1 - Nome de autor-pessoa física (responsabilidade principal)
Número de registo de entrada de autoridade 0000986
Palavra de ordem Alvim
Outra parte do nome não tomada para palavra de ordem Pedro
Datas 1935-1997
942 ## - Elementos de entrada adicionados (Koha)
Tipo de item no Koha Livro
Exemplares
Situação do levantamento Origin of item (home branch) (coded) Biblioteca de empréstimo Código de barras Cota Circulation type (not for loan) Tipo de documento Nota do exemplar Damaged status
  Biblioteca Escolar da Coca Maravilhas Biblioteca Escolar da Coca Maravilhas BECM3587/98 8POR ALV   Livro Sem mensagem